| 000 -LEADER |
| fixed length control field |
00748nam a22001337a 4500 |
| 040 ## - CATALOGING SOURCE |
| Transcribing agency |
RUA |
| 082 ## - DEWEY DECIMAL CLASSIFICATION NUMBER |
| Classification number |
AGR YOU 2005 B032 Or.1 |
| 100 ## - MAIN ENTRY--AUTHOR NAME |
| Personal name |
YOU SONGLY |
| 245 ## - TITLE STATEMENT |
| Title |
Effect of tonle sap lake sediment on yield senpidao variety at royal university of agriculture,(ប្រសិទ្ធភាពភក់បឹងទន្លេសាបលើទិន្នផលពូជស្រូវសែនពិដោរ ក្នុងលក្ខខ័ណ្ឌស្រោចស្រព នៅសាកលវិទ្យាល័យភូមិន្ទកសិកម្ម) |
| 260 ## - PUBLICATION, DISTRIBUTION, ETC. (IMPRINT) |
| Place of publication |
phnom penh |
| Name of publisher |
RUA |
| Year of publication |
2005 |
| 300 ## - PHYSICAL DESCRIPTION |
| Number of Pages |
xiv,44p. |
| Dimensions |
ill. |
| 856 ## - ELECTRONIC LOCATION AND ACCESS |
| Uniform Resource Identifier |
https://drive.google.com/file/d/1Q3ELQ_V5a6wCVcqLVjfy1E_BiHGaZLrb/view?usp=sharing |
| 942 ## - ADDED ENTRY ELEMENTS (KOHA) |
| Koha item type |
AGR |
| 952 ## - LOCATION AND ITEM INFORMATION (KOHA) |
| Withdrawn status [LOCAL, KOHA] |
0 |
| 952 ## - LOCATION AND ITEM INFORMATION (KOHA) |
| Withdrawn status [LOCAL, KOHA] |
0 |
| 952 ## - LOCATION AND ITEM INFORMATION (KOHA) |
| Withdrawn status [LOCAL, KOHA] |
0 |
| 952 ## - LOCATION AND ITEM INFORMATION (KOHA) |
| Withdrawn status [LOCAL, KOHA] |
0 |
| 952 ## - LOCATION AND ITEM INFORMATION (KOHA) |
| Withdrawn status [LOCAL, KOHA] |
0 |